| 000 | 00604nam a2200145 a 4500 | ||
|---|---|---|---|
| 001 | 4676 | ||
| 003 | CDMR | ||
| 005 | 20130328110344.0 | ||
| 008 | 130130s1991||||||||||||||||||||||||||||d | ||
| 040 |
_aCDMR _bcat _cCDMR |
||
| 245 | 0 | 0 |
_aGuia d'entitats de Catalunya _b: annex 1990 |
| 260 |
_aBarcelona _c1991 _bGeneralitat de Catalunya. Departament de Justícia. Direcció General de Dret i d'Entitats Jurídiques |
||
| 500 | _aConté: associacions, fundacions, cooperatives, acadèmies, col.legis professionals, federacions no esportives, associacions juvenils, mutualitats de Previsió Social | ||
| 942 |
_cMON _2udc |
||
| 999 |
_c4676 _d4676 |
||